Can solar /

Guardado en:
Autor Principal: Godoy, Carlos.
Formato: Libro
Publicado: Bahía Blanca : 17grises, 2002.
Materias:
Etiquetas: Agregar Etiqueta
Sin Etiquetas, Sea el primero en etiquetar este registro!
LEADER 00489nam a22001695a 4500
001 EHU.bham052816
008 260304s2002####ag############000#0#####d
005 20260304093748.0
245 1 0 |a Can solar /  |c Carlos Godoy. 
260 |a Bahía Blanca :  |b 17grises,  |c 2002. 
300 |a 72 p. 
020 |a 9789871724123 
100 1 |a Godoy, Carlos. 
082 A 8 |a A863.5 G589 
653 |a Literatura argentina 
653 |a Cuento argentino 
859 |a AR-BHAM  |b BIB. HUMANIDADES - General  |h A863.5  |i G589  |p 124.25  |t Ej.1